Best Non-Winning Champions League Teams - Statistics

General Stats
  • This quiz has been taken 19 times
  • The average score is 9 of 18
Answer Stats
Year(s) Team % Correct
2006, 2026 Arsenal
94%
2019 Tottenham Hotspur
94%
2000, 2001 Valencia
81%
1974, 2014, 2016 Atlético Madrid
75%
2004 Monaco
75%
1984 Roma
63%
1975 Leeds United
50%
2002 Bayer Leverkusen
44%
1978 Club Brugge
31%
1970 Eintracht Frankfurt
31%
1957 Fiorentina
31%
1979 Malmö FF
31%
1971 Panathinaikos
31%
1956, 1959 Reims
31%
1976 Saint-Étienne
31%
1977 Borussia Mönchengladbach
25%
1992 Sampdoria
25%
1966 Partizan
19%
No matching quizzes found
Score Distribution
Percent of People with Each Score
Percentile by Number Answered
Your Score History
You have not taken this quiz